| 000 | 00377nam a2200145Ia 4500 | ||
|---|---|---|---|
| 008 | 151213s9999 xx 000 0 und d | ||
| 100 | _aGeoffrey Tillotson | ||
| 245 |
_aPope and Human Nature _cGeoffrey Tillotson |
||
| 260 |
_aBritain _bOxford _c1958 |
||
| 300 | _a8804 p. | ||
| 650 | _aEnglish | ||
| 650 | _aEnglish Literature | ||
| 700 | _aGeoffrey Tillotson | ||
| 999 |
_c4589 _d4589 |
||